Banco de Datos: Teoría de la telecomunicación

Guardat en:
Dades bibliogràfiques
Autor principal: Coll Vinent, Roberto
Format: Text
Publicat: Barcelona: ATE
Etiquetes: Afegir etiqueta
Sense etiquetes, Sigues el primer a etiquetar aquest registre!

MARC

LEADER 00000 a a2200000 04500
001 22858
003
040
020 |a 84-7442-164-0  
090 |a 156700  
100 |a Coll Vinent, Roberto  
245 |a Banco de Datos: Teoría de la telecomunicación  
260 |a Barcelona:   |b ATE  
300 |a 379 p.   |b fonodiscos  
999 |c 15765  |d 15765